| 000 | 004770000a22001810004500 | ||
|---|---|---|---|
| 003 | LK-CoMWRAF | ||
| 005 | 20230914154622.0 | ||
| 008 | 230817t1981 ||||| |||| 00| 0 eng d | ||
| 040 |
_aLK-CoMWRAF _dLK-CoMWRAF _eLK-CoMWRAF |
||
| 041 | _aeng | ||
| 082 |
_a297.122 _bJUN |
||
| 100 | _aJung, Nizamat | ||
| 245 | _aAn Approach to the study of the Qur'an | ||
| 260 |
_aNew Delhi : _bKitab Bhavan, _c1981 |
||
| 300 | _a62p | ||
| 650 | _aQurʾan -- Study and teaching | ||
| 942 | _cBK | ||
| 999 |
_c1053 _d1053 |
||